| 000 | 00982nam a2200241 4500 | ||
|---|---|---|---|
| 001 | 16925 | ||
| 003 | ES-MaACL | ||
| 005 | 20230906151426.0 | ||
| 007 | t| | ||
| 008 | 001122s1984 sp a ||||0| spa d | ||
| 080 | _a75.037(46):061.43(465.21Z.)"1986" | ||
| 080 | _a73.037(46):061.43(465.21Z.)"1986" | ||
| 245 | 0 | 0 |
_aÁngel María Aransay, Izaskun Arrieta, Gregorio Millas, Eduardo Salavera _b: Centro de Exposiciones y Congresos, del 9 de mayo al 9 de junio de 1984. |
| 260 |
_a[Zaragoza] : _bCaja de Ahorros y Monte de Piedad de Zaragoza, Aragón y Rioja, _c[1984] |
||
| 300 |
_a55 p. : _bil. col. y n. ; _c30 cm. |
||
| 650 | 4 |
_aPintura española- _yS.XX- _vExposiciones. _916043 |
|
| 650 | 4 |
_aEscultura española- _yS.XX- _vExposiciones. _912438 |
|
| 655 | 7 |
_2tgfbne _9193628 _aCatálogos de exposiciones |
|
| 710 | 2 |
_aCaja de Ahorros y Monte de Piedad de Zaragoza, Aragón y Rioja. _92326 |
|
| 852 |
_aES-MaACL _jG-3290 |
||
| 942 | _2udc | ||
| 999 |
_c16925 _d16925 |
||